000 00305nam a22001337a 4500
008 171012b xxu||||| |||| 00| 0 eng d
020 _a9780312473587
041 _aeng
080 _25 ED
_a316
100 _a50
101 _aSOC
245 _aTHE PRESENCE OF OTHERS
_cLUNSFORD.A.A
942 _2udc
_cBK
999 _c33518
_d33518